MAASAI MARA UNIVERSITY

LIBRARY CATALOGUE

Contact Us: +254 020 2685356/7 or 0774 057787

Box: 861-20500, NAROK, KENYA

Email: info@mmarau.ac.ke

_Elements and pedagogy of critical thinking Tom N. Namwambah (Record no. 9020)

MARC details
000 -LEADER
fixed length control field 00411nam a2200145Ia 4500
008 - FIXED-LENGTH DATA ELEMENTS--GENERAL INFORMATION
fixed length control field 151021s9999 xx 000 0 und d
020 ## - INTERNATIONAL STANDARD BOOK NUMBER
International Standard Book Number 7968468017
050 ## - LIBRARY OF CONGRESS CALL NUMBER
Classification number LB 1062 .N295 2007
245 ## - TITLE STATEMENT
Title _Elements and pedagogy of critical thinking Tom N. Namwambah
260 ## - PUBLICATION, DISTRIBUTION, ETC. (IMPRINT)
Place of publication, distribution, etc. Nairobi 2007
300 ## - PHYSICAL DESCRIPTION
Extent V,254;
500 ## - GENERAL NOTE
General note includes index
650 ## - SUBJECT ADDED ENTRY--TOPICAL TERM
Topical term or geographic name as entry element _critical thinking
980 ## - EQUIVALENCE OR CROSS-REFERENCE-SERIES STATEMENT--PERSONAL NAME/TITLE [LOCAL, CANADA]
Personal name ^d20120621 11:51:24^oanne

No items available.

© 2016 Maasai Mara University.